Quiz Coupe du Monde de football - Statistiques

Statistiques générales
  • Ce quiz a été pris 106 fois
  • Le résultat moyen est 7 sur 10
Statistiques - réponses
Question Réponse % Correct
Où va se dérouler la Coupe du Monde 2026 ? Etats-Unis Canada Mexique
93%
Où se situait la première édition de la Coupe du monde en 1930 Uruguay
92%
Quel pays a remporté le plus de fois la Coupe du Monde ? Brésil
90%
Quel pays a remporté le plus de fois la Coupe du Monde féminine ? Etats-Unis
84%
Qui est le meilleur buteur de la Coupe du monde ? Miroslav Klose
78%
Qui a été le meilleur buteur de la Coupe du Monde sur UNE seule édition ? Just Fontaine
74%
Quel gardien a été élu meilleur gardien de la Coupe du Monde 2018 ? Thibaut Courtois
63%
En quelle année c'est déroulé le match Portugal-Pays Bas, la bataille de Nuremberg ? 2006
59%
Vrai ou faux ? La France a accueilli 2 fois la Coupe du Monde Vrai
56%
En quelle année a eu lieu la première Coupe du Monde féminine ? 1991
48%
Aucun quiz correspondant
Distribution des résultats
% des personnes avec chaque résultat
Percentile par nombre de réponses
Votre historique - résultats
Vous n’avez pas pris ce quiz